000 00860nas a2200277 4500
001 BR2019000086
003 BR-BrBNA
005 20231205131532.0
007 ta
008 230509b bl.|||p| |||| 00| 00por d
040 _aBR-BrBNA
_bpor
_cBiblioteca Nacional de Agricultura
041 _a(Pt)
072 _aQ03
100 1 _aSantos, P.C.D.
100 1 _aPereira, S.C.
100 1 _aFerreira, C.C.
100 1 _aMonteze, N.M.
245 1 _aAnálise de aflatoxinas em pastas de amendoim comercializadas no Mercado Central de Belo Horizonte, MG
650 _aPASTA DE AMENDOIM
650 _aMICOTOXINA
650 _aCOMERCIALIZAÇÃO
650 _aLEGISLAÇÃO
773 0 _tHigiene Alimentar (Brazil)
_xISSN 0101-9171
_g(Nov-Dec 2018), v. 32(286-287) p. 61-64
_wBR2019000086
909 _a202311
_bLúcia
_c55
_dLúcia Elande
942 _2AGRIS
_n0
_cANA
999 _c255330
_d255330